1897 1058 1019 1090 1472 1957 1491 1832 1056 1053 1248 1628 1813 1099 1524 1869 1468 1345 1544 1107 1912 1414 1047 1277 1943 1670 1173 1793 1748 1738 1874 1692 1534 1831 1474 1092 1003 1788 1752 1153 1395 1886 1121 1556 1570 1141 1901 1786 1871 1511 1555 1729 1110 1608 1581 1556 1585 1546 1119 1575 1395 1132 1549 1730 1534 1764 1845 1647 1008 1817 1016 1567 1814 1307 1214 1622 1599 1905 1672 1567 1874 1296 1824 1673 1198 1422 1863 1817 1101 1610 1006 1924 1986 1754 1462 1864 1652 1054 1102 BCNSPRNW ULIB Ver.6.0+V

เปลี่ยนเป็นภาษาไทย

Change to English
 แสดงรายละเอียดบรรณานุกรม
  กลับหน้าหลัก

Brief Record : Get Marc (ISO 2709) : E-mail record : QR code < ปิดหน้าต่าง
LEADER : 00000nam 2200000uu 4500
001    13399121981
003     ULIB
008    121218s2552||||th 000 0 tha d
020    ^a9789744664204
060 04 ^aWL100^bพ254ป 2552
245 00 ^aประสาทวิทยาทางคลินิก =^bClinical neurology /^cบรรณาธิการ ;พรภัทร ธรรมสโรช, เพิ่มพันธุ์ ธรรมสโรช
246 31 ^aClinical neurology
250    ^aพิมพ์ครั้งที่ 1
260    ^aกรุงเทพฯ :^bจรัลสนิทวงศ์การพิมพ์,^c2552
300    ^a237 หน้า :^bภาพประกอบ ;^c27 ซม.
650  2 ^aNeurology
650  7 ^aประสาทวิทยา
650  7 ^aระบบประสาท, โรค^xการวินิจฉัย
650  7 ^aระบบประสาท, โรค^xการรักษา
700 0  ^aพรภัทร ธรรมสโรช,^eบรรณาธิการ
700 0  ^aเพิ่มพันธุ์ ธรรมสโรช,^eบรรณาธิการ
945    ^p460^l0^i16455
945    ^p460^l0^i16454
995    ^aทศพร
999    ^aทศพร เกษรทอง
รายการนี้ยังไม่มีแท็ก
คุณยังไม่ได้ล็อกอิน คุณสามารถมีกิจกรรมร่วมกับเว็บไซต์ได้ แต่ต้องล็อกอินก่อน ::
  ล็อกอิน

รายการสื่อสารสนเทศ

ลำดับที่ ประเภท เลขเรียก/บาร์โค้ด สถานที่ สถานะ
- ไม่พบข้อมูล -

รายการใกล้เคียง
    หัวเรื่อง [Neurology]
    หัวเรื่อง [ประสาทวิทยา]

BibComment


ยังไม่เคยถูกคอมเมนท์

คอมเมนท์ทรัพยากรรายการนี้
  คอมเมนท์: ประสาทวิทยาทางคล..


 Copyright 2026. Bcnsprnw @Library